00673nam a2200181 a 450000100100000000500170001000800410002704000250006808200130009310000320010624500520013826000370019030000210022750000420024850400730029095201110036399900170047400004342720201002040913.0131004s1989 dr 000 0 spa d aDO-SdBNPbspacBNPHU axxxbxxx1 aLarrañaga, Ignacio95389713aEl silencio de María. /cIgnacio Larrañaga. aSanto Domingo :bSusaeta,c1989. a252 p. ;c20 cm. aIncluye datos biográficos del autor aIncluye referencias bibliográficas y notas al pie de las páginas 0010718PDaPDbPDcCTd2014-03-14iLF1l0oxxx xxxp43427-10r2020-06-25w2020-06-25yLFPDZNo se presta c42916d42916